Parti del discorso in italiano - Statistics

Statistiche generali
  • Questo quiz è stato fatto 86 volte
  • Il punteggio medio è 7 su 9
Statistiche sulle risposte
Tipo Parte del discorso % Corretto
Verbo
100%
Aggettivo
86%
Variabili Nome
85%
Invariabili Avverbio
81%
Articolo
72%
Preposizione
68%
Pronome
68%
Congiunzione
66%
Interiezione
35%
Nessun quiz corrispondente trovato
Distribuzione punteggi
Percentuale di utenti per punteggio
Percentile per numero di risposta
I tuoi punteggi nel tempo
Non hai fatto questo quiz